Trump vs. Kanye West - Multiple choice - Statistics

General Stats
  • This quiz has been taken 1,123 times
  • The average score is 9 of 15
Answer Stats
Question Answer % Correct
‘If I don’t win, the awards show loses credibility’ Kanye West
83%
“When you hear about slavery for 400 years, for 400 years? That sounds like a choice.” Kanye West
80%
'People love me. And you know what? I've been very successful. Everybody loves me.'' Donald Trump
71%
"I think I am, actually humble. I think I'm much more humble than you would understand." Donald Trump
70%
"I feel like I’m too busy writing history to read it." Kanye West
69%
“I’m speaking with myself, number one, because I have a very good brain and I’ve said a lot of things." Donald Trump
68%
'The beauty of me is that I’m very rich.'' Donald Trump
64%
“My fingers are long and beautiful, as, it has been well documented, are various other parts of my body.” Donald Trump
63%
'‘I am not a fan of books. I would never want a book’s autograph.’' Kanye West
59%
“I am so credible and so influential and so relevant that I will change things.” Kanye West
59%
“My IQ is one of the highest — and you all know it! Please don’t feel so stupid or insecure; it’s not your fault.” Donald Trump
58%
“I have never seen a thin person drinking Diet Coke.” Donald Trump
56%
“I actually don’t like thinking. I think people think I like to think a lot. And I don’t. I don’t like to think.” Kanye West
55%
"Show me someone with no ego and I'll show you a big loser." Donald Trump
46%
“You know, it really doesn’t matter what the media write as long as you’ve got a young, and beautiful, piece of ass.” Donald Trump
36%
No matching quizzes found
Score Distribution
Percent of People with Each Score
Percentile by Number Answered
Your Score History
You have not taken this quiz